Mesto Senica má kvalitný územný plán

Bibliographic Details
Main Author: Vrzgulová, Beata (Author, Interviewer)
Format: Article
Language:Slovak
Subjects:

MARC

LEADER 00000nab a2200000 a 4500
001 vtls000934154
003 SK-MaSNL
005 20260304133804.0
008 250505c2004 xo mr|p|||||||000 b|slo
015 |a SNBRB2004/12  |2 snkbucl 
035 |a urn:nbn:sk:snk-ab831d 
035 |a (urnnbn)urn:nbn:sk:snk:ar-006668 
035 |a (uuid)65b865c1-3077-4513-8cc8-f90343e4495b 
038 |a SNKBUCL 
040 |a SNKBUCL  |b slo  |c SNKBUCL  |e AACR2 
041 0 |a slo 
044 |a xo  |c SK 
080 |a 711.435  |x (437.6)  |2 1997 
100 1 |a Vrzgulová, Beata  |4 ivr  |4 aut  |9 268345 
245 1 0 |a Mesto Senica má kvalitný územný plán  |c pripravila Beata Vrzgulová 
300 |b Fotogr. 
650 0 7 |a urbanisticko-architektonický rozvoj  |2 snkbucl  |9 416922 
651 7 |a Senica (Slovensko)  |2 snkbucl  |9 25102 
700 1 |a Parízek, Ľubomír  |4 ive  |9 983109 
773 0 |t Fórum architektúry  |g Roč. XIV, č. 11 (2004), s. 4  |x 1336-0264 
850 |a Slovenská národná knižnica 
852 |a Slovenská národná knižnica 
954 |a odborná, vedecká literatúra pôvodná (slovenská)  |2 lita 
958 |a article9 
958 |a OND 
958 |a EUIPO 
999 |c 2903708  |d 2905638